Essentials of business communication (Record no. 70408)
[ view plain ]
| 000 -LEADER | |
|---|---|
| fixed length control field | 00482nam a22001817a 4500 |
| 003 - CONTROL NUMBER IDENTIFIER | |
| control field | NUST - PNEC |
| 005 - DATE AND TIME OF LATEST TRANSACTION | |
| control field | 20170116181139.0 |
| 008 - FIXED-LENGTH DATA ELEMENTS--GENERAL INFORMATION | |
| fixed length control field | 151007b xxu||||| |||| 00| 0 eng d |
| 020 ## - INTERNATIONAL STANDARD BOOK NUMBER | |
| International Standard Book Number | 0324233647 |
| 040 ## - CATALOGING SOURCE | |
| Transcribing agency | LIBRARY |
| 082 ## - DEWEY DECIMAL CLASSIFICATION NUMBER | |
| Classification number | 808.06665 GUF |
| 100 ## - MAIN ENTRY--PERSONAL NAME | |
| 9 (RLIN) | 14526 |
| Personal name | Guffey, Mary Ellen |
| 245 ## - TITLE STATEMENT | |
| Title | Essentials of business communication |
| Statement of responsibility, etc. | Mary Ellen Guffey |
| 250 ## - EDITION STATEMENT | |
| Edition statement | 6th ed. |
| 260 ## - PUBLICATION, DISTRIBUTION, ETC. | |
| Date of publication, distribution, etc. | c.2004 |
| 650 ## - SUBJECT ADDED ENTRY--TOPICAL TERM | |
| 9 (RLIN) | 14527 |
| Topical term or geographic name entry element | Business communication |
| General subdivision | General |
| 942 ## - ADDED ENTRY ELEMENTS (KOHA) | |
| Source of classification or shelving scheme | |
| Koha item type | Book |
| Withdrawn status | Lost status | Source of classification or shelving scheme | Damaged status | Not for loan | Permanent Location | Current Location | Shelving location | Date acquired | Total Checkouts | Full call number | Barcode | Date last seen | Date last checked out | Price effective from | Koha item type |
|---|---|---|---|---|---|---|---|---|---|---|---|---|---|---|---|
| Pakistan Navy Engineering College (PNEC) | Pakistan Navy Engineering College (PNEC) | 1 | 808.06665 GUF | PNECLIB-028666 | 11/09/2016 | 03/03/2016 | Book |
